| 000 | 01861nam a2200493Ii 4500 | ||
|---|---|---|---|
| 001 | DIGANAGRA0428 | ||
| 003 | NyNyDIG | ||
| 006 | m o d | ||
| 007 | cr ||||||||||| | ||
| 008 | 210816s2016 sp o 000 f spa d | ||
| 035 | _a(OCoLC)1282640373 | ||
| 040 |
_aDGITA _beng _erda _epn _cDGITA |
||
| 041 | 1 |
_aspa _heng |
|
| 020 |
_a9788433936790 _qeBook _qePub |
||
| 020 | _z9788433920867 | ||
| 050 | 1 | 4 | _aPR6054.A35 ebook |
| 082 | 0 | 4 | _a823.914 |
| 100 | 1 |
_aDahl, Roald, _eauthor. |
|
| 240 | 1 | 0 |
_aTales of the unexpected. _lSpanish _s(Payá and Samons) |
| 245 | 1 | 0 |
_aRelatos de lo inesperado / _cRoald Dahl ; [traducción, Carmelina Payá y Antonio Samons] |
| 250 | _aEdición en formato digital. | ||
| 264 | 1 |
_aBarcelona : _bEditorial Anagrama, _c[2016] |
|
| 300 | _a1 online resource. | ||
| 336 |
_atext _btxt _2rdacontent |
||
| 337 |
_acomputer _bc _2rdamedia |
||
| 338 |
_aonline resource _bcr _2rdacarrier |
||
| 347 |
_atext file _2rdaft |
||
| 347 | _bEPUB | ||
| 490 | 1 | _aCompactos | |
| 588 | 0 | _aOnline resource; title from ePub title page (Digitalia, viewed August 16, 2021) | |
| 655 | 7 |
_aFantasy fiction. _2lcgft |
|
| 655 | 7 |
_aShort stories. _2lcgft |
|
| 655 | 0 | _aElectronic books. | |
| 700 | 1 |
_aPayá, Carmelina, _etranslator. |
|
| 700 | 1 |
_aSamons, Antonio, _etranslator. |
|
| 700 | 1 |
_iTranslation of: _aDahl, Roald. _tTales of the unexpected. |
|
| 776 | 0 | 8 |
_iPrint version: _aDahl, Roald. _sTales of the unexpected. Spanish (Payá and Samons). _tRelatos de lo inesperado. _dBarcelona : Editorial Anagrama, 2015 _z9788433920867 _w(OCoLC)957667980 |
| 791 | 2 |
_aDigitalia (Firm), _edistributor. |
|
| 793 | 0 |
_gDigitalia eBook Collection: _aAnagrama |
|
| 830 | 0 |
_aColección compactos ; _v564. |
|
| 856 | 4 | 0 |
_3Digitalia Hispánica _uhttps://www.digitaliapublishing.com/a/42384/ |
| 910 | _aPremium Collection: 2021 | ||
| 942 | _cRAA | ||
| 999 |
_c247233 _d247233 |
||